000 01292cam a2200397 a 4500
999 _c8212
_d8212
001 14978252
003 GZU
005 20210517144721.0
008 070824s2007 enk b 000 0 eng
010 _a 2007383815
015 _aGBA714892
_2bnb
016 7 _a013678768
_2Uk
020 _a9780954563721 (pbk.)
020 _a0954563727 (pbk.)
035 _a(CStRLIN)CUBGGLAD17545870-B
035 _a(CU)GLAD17545870
040 _aUKM
_cUKM
_dCUY
_dDLC
042 _alccopycat
_alcode
043 _af------
050 0 0 _aHQ1236.5 GRA 2007
_bG73 2007
082 0 4 _a323.34096
_222
245 0 0 _aGrace, tenacity and eloquence :
_bthe struggle for women's rights in Africa /
_cedited by Patrick Burnett, Shereen Karmali, Firoze Manji.
260 _aOxford :
_bFahamu,
_c2007.
300 _aviii, 222 p. ;
_c23 cm.
500 _aIncludes references
504 _aIncludes bibliographical references.
650 0 _aWomen's rights
_zAfrica.
650 0 _aWomen
_xViolence against
_zAfrica.
650 0 _aWomen in Islam
_zAfrica.
700 1 _aBurnett, Patrick.
700 1 _aKarmali, Shereen.
700 1 _aManji, Firoze.
906 _a7
_bcbc
_ccopycat
_d3
_encip
_f20
_gy-gencatlg
942 _2lcc
_cBK
_h1236.5
_iGRA
_kHQ